Normal view
MARC view
- صفات الله
Entry Topical Term
001 - CONTROL NUMBER
- control field: 36658
003 - CONTROL NUMBER IDENTIFIER
- control field: JO-AjAnu
005 - DATE AND TIME OF LATEST TRANSACTION
- control field: 20230606080123.0
008 - FIXED-LENGTH DATA ELEMENTS
- fixed length control field: 230606|| aca||aabn | a|a d
040 ## - CATALOGING SOURCE
- Original cataloging agency: JO-AjAnu
- Transcribing agency: JO-AjAnu
150 ## - HEADING--TOPICAL TERM
- Topical term or geographic name entry element: صفات الله
670 ## - SOURCE DATA FOUND
- Source citation: Work cat.: (JO-AjAnu)18817: جمع السندبسطي، محمد عواد, author 36657, حياة الإسلام في معرفة صفات الله عز وجل وصفات رسوله الأعظم صلى الله عليه وسلم